[Event "48.C.to  di Cat.Mag. Semif. ITA"]
[Site "Milano ITA"]
[Date "1988.02.21"]
[Round "9.18"]
[White "Quagliarella, Sabino Remo"]
[Black "Rizzo, Giovanbattista"]
[Result "1/2-1/2"]
[WhiteElo "1900"]
[BlackElo "2054"]
[Annotator "Gabriele Ballarin"]
[PlyCount "94"]
[EventDate "1988.02.13"]
[EventType "tourn"]
[EventRounds "9"]
[EventCountry "ITA"]

1. c4 f5 2. g3 Nf6 3. Bg2 e5 4. Nc3 c6 5. e4 Be7 6. d3 O-O 7. Nge2 d6 8. O-O a5 9. d4 Qe8 10. f4 fxe4 11. Nxe4 Bg4 12. fxe5 dxe5 13. Qd3 Bxe2 14. Qxe2 exd4 15. Ng5 Na6 16. Ne6 Bc5 17. Qe5 Qe7 18. Bg5 Bd6 19. Qf5 Rf7 20. Rae1 Qd7 21. Nxg7 Rxg7 22. Qxf6 Rf8 23. Qh6 Nc5 24. Rxf8+ Bxf8 25. Bh3 Qd6 26. Qh4 d3 27. Bd2 Be7 28. Qf4 Qxf4 29. Bxf4 Bf6 30. Be3 Re7 31. Kf1 Ne4 32. Bh6 d2 33. Rd1 Bxb2 34. Bxd2 Nxd2+ 35. Rxd2 Bc3 36. Re2 Kf7 37. Bf5 h6 38. c5 Rxe2 39. Kxe2 Bd4 40. Bc8 b5 41. cxb6 Bxb6 42. Bd7 Bg1 43. h3 c5 44. a4 Ke7 45. Bb5 Ke6 46. Kd3 Ke5 47. Bc6 Bf2 1/2-1/2

[Event "48.C.to  di Cat.Mag. Semif. ITA"]
[Site "Milano ITA"]
[Date "1988.02.21"]
[Round "9.19"]
[White "Braunberger, Federico"]
[Black "Zagallo, Bruno"]
[Result "0-1"]
[WhiteElo "2060"]
[BlackElo "1900"]
[Annotator "Gabriele Ballarin"]
[PlyCount "76"]
[EventDate "1988.02.13"]
[EventType "tourn"]
[EventRounds "9"]
[EventCountry "ITA"]

1. d4 Nf6 2. c4 g6 3. Nc3 Bg7 4. e4 d6 5. f3 O-O 6. Be3 e5 7. d5 c6 8. Bd3 cxd5 9. cxd5 a6 10. a4 Nbd7 11. Nge2 h5 12. Qd2 Nh7 13. O-O b6 14. b4 Rb8 15. Rac1 Ndf6 16. Nd1 h4 17. Nf2 Nh5 18. f4 exf4 19. Nxf4 Nxf4 20. Bxf4 g5 21. Be3 g4 22. g3 hxg3 23. hxg3 Qd7 24. b5 axb5 25. Bxb5 Qe7 26. Be2 Be5 27. Bf4 Nf6 28. Bxe5 Qxe5 29. Qc3 Qg5 30. Kg2 Nxd5 31. exd5 Qxd5+ 32. Bf3 gxf3+ 33. Kg1 Bb7 34. Rce1 Ba6 35. Re4 f5 36. Rd4 Qc5 37. Qb2 Kf7 38. Rf4 Bxf1 {Nur} 0-1

[Event "48.C.to Italiano ITA"]
[Site "Chianciano Terme ITA"]
[Date "1988.04.20"]
[Round "5.6"]
[White "Sibilio, Mario"]
[Black "Belotti, Bruno"]
[Result "0-1"]
[WhiteElo "2320"]
[BlackElo "2340"]
[Annotator "Gabriele Ballarin"]
[PlyCount "47"]
[EventDate "1988.04.16"]
[EventType "tourn"]
[EventRounds "11"]
[EventCountry "ITA"]
[EventCategory "4"]

1. e4 c6 2. d4 d5 3. e5 Bf5 4. c4 e6 5. Nc3 Ne7 6. Nf3 Bg4 7. cxd5 cxd5 8. Be2 Nbc6 9. Be3 Nf5 10. Qd2 Bxf3 11. Bxf3 Nh4 12. Qe2 Qb6 13. O-O Nxf3+ 14. Qxf3 Qxb2 15. Ne2 Qc2 16. Rab1 Ba3 17. Rxb7 O-O 18. Bc1 Bxc1 19. Rxc1 Qa4 20. Qb3 Qxb3 21. axb3 Rfc8 22. Rc5 Nxd4 23. Rxa7 Nxe2+ 24. Kf1 0-1

[Event "48.Semif.camp it magistrale"]
[Site "Città di Castello ITA"]
[Date "1988.11.19"]
[Round "1"]
[White "Tirabassi, Maurizio"]
[Black "Lantini, Marco"]
[Result "1/2-1/2"]
[WhiteElo "2203"]
[BlackElo "2093"]
[Annotator "4h"]
[PlyCount "64"]
[EventDate "1988.11.19"]
[EventType "swiss"]
[EventRounds "8"]
[EventCountry "ITA"]

1. d4 d5 2. c4 dxc4 3. Nf3 Nf6 4. Nc3 c5 5. e3 e6 6. Bxc4 a6 7. O-O b5 8. Bb3 Bb7 9. Qe2 Qc7 10. Rd1 Be7 11. dxc5 Nbd7 12. e4 b4 13. Nd5 exd5 14. exd5 Nxd5 15. Bxd5 Bxd5 16. Rxd5 Nxc5 17. Bg5 Ne6 18. Bxe7 Qxe7 19. Nd4 Nxd4 20. Qxe7+ Kxe7 21. Rxd4 Rhb8 22. Re1+ Kf8 23. Rd7 Re8 24. Kf1 Rac8 25. Rxe8+ Kxe8 26. Rd2 Ke7 27. Ke2 Rc5 28. Kd1 Ke6 29. Re2+ Kd6 30. Re3 Ra5 31. Kc2 Rf5 32. Re2 Kc5 1/2-1/2

[Event "48.Semif.camp it magistrale"]
[Site "Città di Castello ITA"]
[Date "1988.11.??"]
[Round "2"]
[White "Rossi, Carlo"]
[Black "Tirabassi, Maurizio"]
[Result "1/2-1/2"]
[WhiteElo "2236"]
[BlackElo "2203"]
[Annotator "3h 25'"]
[PlyCount "45"]
[EventDate "1988.11.19"]
[EventType "swiss"]
[EventRounds "8"]
[EventCountry "ITA"]

1. Nf3 Nf6 2. g3 b6 3. Bg2 Bb7 4. O-O e6 5. d3 Be7 6. e4 d6 7. Nc3 Nbd7 8. Nh4 Rb8 9. f4 c5 10. g4 Nxg4 11. Qxg4 Bxh4 12. Nb5 Be7 13. Qxg7 Rf8 14. f5 e5 15. Nxa7 Nf6 16. c4 Qd7 17. Nb5 Rg8 18. Qh6 d5 19. exd5 Nxd5 20. Rf2 Nf6 21. Qh3 Rd8 22. Kf1 e4 23. Bf4 1/2-1/2

[Event "48.Semif.camp it magistrale"]
[Site "Città di Castello ITA"]
[Date "1988.11.??"]
[Round "3"]
[White "Tirabassi, Maurizio"]
[Black "Antonelli, Marco"]
[Result "1/2-1/2"]
[WhiteElo "2203"]
[BlackElo "1900"]
[Annotator "3h 35'"]
[PlyCount "67"]
[EventDate "1988.11.19"]
[EventType "swiss"]
[EventRounds "8"]
[EventCountry "ITA"]

1. d4 f5 2. g3 Nf6 3. Bg2 e6 4. Nf3 d5 5. O-O Bd6 6. c4 c6 7. b3 Qe7 8. Ne5 O-O 9. Nd2 b6 10. cxd5 exd5 11. Ndf3 Ne4 12. Qc2 Bb7 13. Bb2 c5 14. dxc5 bxc5 15. Rad1 Na6 16. Nd3 Rad8 17. Be5 Bxe5 18. Ndxe5 Nc7 19. Nd3 Ne6 20. Rc1 Rc8 21. Rfd1 Rfd8 22. Qb2 d4 23. Nfe5 Nc3 24. Re1 Bxg2 25. Kxg2 Qd6 26. e3 Qd5+ 27. Kg1 Ng5 28. h4 Nf3+ 29. Nxf3 Qxf3 30. exd4 cxd4 31. Ne5 Qd5 32. Nd3 Qf3 33. Ne5 Qd5 34. Nd3 1/2-1/2

[Event "48.Semif.camp it magistrale"]
[Site "Città di Castello ITA"]
[Date "1988.11.21"]
[Round "4"]
[White "Castelfranchi, Carlo"]
[Black "Tirabassi, Maurizio"]
[Result "0-1"]
[WhiteElo "2047"]
[BlackElo "2203"]
[Annotator "3h 05'"]
[PlyCount "56"]
[EventDate "1988.11.19"]
[EventType "swiss"]
[EventRounds "8"]
[EventCountry "ITA"]

1. e4 c5 2. Nf3 e6 3. d4 cxd4 4. c3 dxc3 5. Nxc3 Nc6 6. Bc4 a6 7. O-O d6 8. Qe2 Nf6 9. Rd1 Qc7 10. Bf4 Be7 11. Rac1 O-O 12. Bb3 Qb8 13. Nd5 exd5 14. exd5 Ne5 15. Nxe5 dxe5 16. Bxe5 Bd6 17. Bxf6 gxf6 18. Qh5 Kg7 19. Rc4 h6 20. Rdd4 Re8 21. g3 Re5 22. Qh4 Bd7 23. Bc2 Qe8 24. Re4 f5 25. f4 Rxe4 26. Bxe4 Rc8 27. Rxc8 Qxc8 28. Bf3 Qc2 0-1

[Event "48.Semif.camp it magistrale"]
[Site "Città di Castello ITA"]
[Date "1988.11.22"]
[Round "5"]
[White "Vancini, Edoardo"]
[Black "Tirabassi, Maurizio"]
[Result "1/2-1/2"]
[WhiteElo "2225"]
[BlackElo "2203"]
[Annotator "2h 20'"]
[PlyCount "37"]
[EventDate "1988.11.19"]
[EventType "swiss"]
[EventRounds "8"]
[EventCountry "ITA"]

1. e4 c5 2. c3 d5 3. exd5 Qxd5 4. d4 e6 5. Nf3 Nf6 6. Na3 Qd8 7. Nc2 Nc6 8. Bd3 cxd4 9. Ncxd4 Nxd4 10. Nxd4 Be7 11. Bg5 O-O 12. O-O Qd5 13. Nf3 Rd8 14. Bc2 Bd7 15. Qxd5 Nxd5 16. Bxe7 Nxe7 17. Rfd1 Be8 18. Be4 Bc6 19. Bxc6 1/2-1/2

[Event "48.Semif.camp it magistrale"]
[Site "Città di Castello ITA"]
[Date "1988.11.23"]
[Round "6"]
[White "Tirabassi, Maurizio"]
[Black "Cugini, Verter"]
[Result "1-0"]
[WhiteElo "2203"]
[BlackElo "2123"]
[Annotator "4h 15'"]
[PlyCount "83"]
[EventDate "1988.11.19"]
[EventType "swiss"]
[EventRounds "8"]
[EventCountry "ITA"]

1. d4 d6 2. Nf3 Nf6 3. c4 g6 4. Nc3 Bg7 5. e4 O-O 6. Be2 c5 7. O-O Bg4 8. Be3 cxd4 9. Nxd4 Bxe2 10. Qxe2 a6 11. Rfd1 Nbd7 12. f3 Qa5 13. Qd2 Qc7 14. b3 Ne5 15. Rac1 Rac8 16. Nde2 Qb8 17. Nf4 Rfe8 18. Nfd5 Nxd5 19. Nxd5 Nd7 20. Rc2 Nf6 21. Nb6 Rc6 22. a4 Qd8 23. a5 Nd7 24. Qb4 Nxb6 25. Bxb6 Qc8 26. Rcd2 h5 27. Rd5 Kh7 28. Qd2 Qe6 29. h3 Rec8 30. Qe3 Qf6 31. Bd4 Qe6 32. Bb6 Qf6 33. g4 Qh4 34. Kg2 e6 35. R5d3 Bh6 36. Qf2 Qxf2+ 37. Bxf2 hxg4 38. hxg4 Bf8 39. Bd4 Kg8 40. Bf6 b6 41. f4 e5 42. g5 1-0

[Event "48.Semif.camp it magistrale"]
[Site "Città di Castello ITA"]
[Date "1988.11.24"]
[Round "7"]
[White "Tirabassi, Maurizio"]
[Black "Pantaleoni, Claudio"]
[Result "1/2-1/2"]
[WhiteElo "2203"]
[BlackElo "2144"]
[Annotator "30'"]
[PlyCount "29"]
[EventDate "1988.11.19"]
[EventType "swiss"]
[EventRounds "8"]
[EventCountry "ITA"]

1. d4 Nf6 2. c4 e6 3. Nc3 Bb4 4. e3 b6 5. Nge2 Ba6 6. a3 Bxc3+ 7. Nxc3 d5 8. Qf3 O-O 9. Bd2 c6 10. cxd5 Bxf1 11. Rxf1 cxd5 12. Qe2 Nc6 13. f3 e5 14. dxe5 Nxe5 15. Kf2 1/2-1/2

[Event "48.Semif.camp it magistrale"]
[Site "Città di Castello ITA"]
[Date "1988.11.25"]
[Round "8"]
[White "Bellini, Fabio"]
[Black "Tirabassi, Maurizio"]
[Result "1-0"]
[WhiteElo "2240"]
[BlackElo "2203"]
[Annotator "3h 30'"]
[PlyCount "69"]
[EventDate "1988.11.19"]
[EventType "swiss"]
[EventRounds "8"]
[EventCountry "ITA"]

1. e4 c5 2. Nf3 e6 3. d4 cxd4 4. Nxd4 Nf6 5. Nc3 d6 6. g4 Nc6 7. g5 Nd7 8. Rg1 Be7 9. Be3 O-O 10. h4 Nb6 11. Qd2 Ne5 12. b3 d5 13. exd5 Nxd5 14. Nxd5 Qxd5 15. O-O-O Rd8 16. f4 Nc6 17. Nxc6 bxc6 18. Bg2 Qxd2+ 19. Rxd2 Rxd2 20. Kxd2 Bd7 21. Ke2 Be8 22. Rf1 f6 23. f5 fxg5 24. hxg5 exf5 25. Rxf5 Bh5+ 26. Kf2 Bg6 27. Ra5 Bxc2 28. Bxc6 Rf8+ 29. Kg2 Rf5 30. Rxf5 Bxf5 31. Bxa7 Bxg5 32. b4 Be6 33. a4 Kf7 34. a5 Ke7 35. Bc5+ 1-0

[Event "8.Camp. Veneto Individ.Finale"]
[Site "Padova Sala Rossini Pedrocchi"]
[Date "1989.09.23"]
[Round "1.2"]
[White "Caruso, Augusto"]
[Black "Ziglio, Roberto"]
[Result "1-0"]
[WhiteElo "2075"]
[BlackElo "2080"]
[Annotator "Gabriele Ballarin"]
[PlyCount "51"]
[EventDate "1989.09.23"]
[EventType "swiss"]
[EventRounds "4"]
[EventCountry "ITA"]

1. e4 c5 2. Nf3 Nc6 3. d4 cxd4 4. Nxd4 Qb6 5. Nb3 Nf6 6. Nc3 e6 7. Be3 Qc7 8. g3 a6 9. Bg2 Be7 10. O-O O-O 11. Nd4 d6 12. f4 Bd7 13. Kh1 Nxd4 14. Bxd4 Bc6 15. g4 b5 16. g5 Nd7 17. Qh5 f5 18. Rf3 g6 19. Qh6 e5 20. fxe5 Nxe5 21. Bxe5 dxe5 22. exf5 Bxf3 23. Bxf3 gxf5 24. Nd5 Qa7 25. Qe6+ Kh8 26. Qxe5+ 1-0

[Event "8.Camp. Veneto Individ.Finale"]
[Site "Padova Sala Rossini Pedrocchi"]
[Date "1989.09.23"]
[Round "1.3"]
[White "Piva, Giorgio"]
[Black "Guerra, Alessandro"]
[Result "0-1"]
[WhiteElo "1990"]
[BlackElo "2102"]
[Annotator "Gabriele Ballarin"]
[PlyCount "78"]
[EventDate "1989.09.23"]
[EventType "swiss"]
[EventRounds "4"]
[EventCountry "ITA"]

1. d4 Nf6 2. c4 e6 3. Nf3 Bb4+ 4. Nbd2 O-O 5. a3 Be7 6. b3 c5 7. e3 d5 8. dxc5 Bxc5 9. Bb2 a5 10. Qc2 b6 11. Be2 Nbd7 12. O-O Bb7 13. Ne5 Nxe5 14. Bxe5 Nd7 15. Bc3 dxc4 16. Nxc4 Qg5 17. e4 Nf6 18. Bf3 Qh4 19. Bxf6 Qxf6 20. e5 Qe7 21. Bxb7 Qxb7 22. a4 Rad8 23. Kh1 Rd5 24. Rae1 Rfd8 25. f4 Bb4 26. Re3 Qc6 27. Qe2 Bc5 28. Rh3 Qd7 29. Qh5 h6 30. Qe2 Rd1 31. Rhf3 Qd4 32. Ne3 Rxf1+ 33. Qxf1 Qd2 34. Nc4 Qc2 35. Nd6 Bxd6 36. exd6 Rxd6 37. Re3 Rd1 38. Re1 Rxe1 39. Qxe1 g5 0-1

[Event "8.Camp. Veneto Individ.Finale"]
[Site "Padova Sala Rossini Pedrocchi"]
[Date "1989.09.23"]
[Round "2.2"]
[White "Guerra, Alessandro"]
[Black "Caruso, Augusto"]
[Result "0-1"]
[WhiteElo "2102"]
[BlackElo "2075"]
[Annotator "Gabriele Ballarin"]
[PlyCount "76"]
[EventDate "1989.09.23"]
[EventType "swiss"]
[EventRounds "4"]
[EventCountry "ITA"]

{[%evp 0,72,27,-35,-1,11,63,46,39,13,26,19,18,17,38,44,40,24,85,55,50,50,50,54,78,58,57,48,39,46,78,64,102,46,52,36,64,58,94,43,86,68,100,104,120,126,123,91,103,97,98,82,94,85,85,92,97,97,90,71,100,80,107,100,97,90,242,255,417,429,429,-88,-94,-94,-94]} 1. b3 e6 2. Bb2 f5 3. Nf3 Nf6 4. g3 Be7 5. Bg2 O-O 6. O-O d6 7. d4 Ne4 8. Nbd2 Nxd2 9. Nxd2 Bf6 10. e4 Nc6 11. c3 e5 12. d5 Ne7 13. exf5 Nxf5 14. Ne4 Qe8 15. Qe2 Qg6 16. Rfd1 Bd7 17. Rac1 Rae8 18. Re1 Re7 19. Rc2 Qe8 20. Qd1 Qc8 21. c4 b6 22. Qd2 Qe8 23. b4 Nd4 24. Bxd4 exd4 25. Nxf6+ Rxf6 26. Rxe7 Qxe7 27. Rc1 Rf5 28. Qxd4 Re5 29. Bf1 Re4 30. Qd2 Bg4 31. Rc3 Qf6 32. h3 Bf3 33. Qd3 Re5 34. Qxf3 Rf5 35. Qe2 Qxc3 36. Qe8+ Rf8 37. Qe6+ Rf7 38. Qe4 Qf6 0-1

[Event "8.Camp. Veneto Individ.Finale"]
[Site "Padova Sala Rossini Pedrocchi"]
[Date "1989.09.23"]
[Round "2.4"]
[White "Ziglio, Roberto"]
[Black "Piva, Giorgio"]
[Result "1-0"]
[WhiteElo "2080"]
[BlackElo "1990"]
[Annotator "Gabriele Ballarin"]
[PlyCount "107"]
[EventDate "1989.09.23"]
[EventType "swiss"]
[EventRounds "4"]
[EventCountry "ITA"]

{[%evp 0,98,30,6,18,-9,-22,-29,33,12,30,30,30,-12,-12,-10,10,-4,0,0,4,12,22,38,41,41,41,42,59,53,43,37,53,36,51,27,37,56,94,94,94,94,64,64,64,81,91,89,103,103,103,94,108,114,127,122,139,127,155,155,170,172,172,159,171,185,202,200,220,215,215,147,147,147,147,137,167,171,282,282,281,168,291,235,267,275,283,283,283,251,283,267,283,285,346,303,459,291,533,533,1283]} 1. Nf3 d5 2. c4 e6 3. g3 c5 4. cxd5 exd5 5. d4 Nc6 6. Bg2 Nf6 7. O-O Be7 8. Be3 c4 9. Nc3 Be6 10. Ne5 O-O 11. Nxc4 dxc4 12. d5 Nxd5 13. Nxd5 Bf6 14. Nxf6+ Qxf6 15. Qc1 h6 16. Rd1 Rfd8 17. Qc3 Qxc3 18. bxc3 Rac8 19. Rxd8+ Rxd8 20. Bxc6 bxc6 21. Bxa7 Ra8 22. Bc5 Ra4 23. a3 Bf5 24. f3 Bc2 25. Ra2 Bb3 26. Rd2 Ra8 27. Rd7 Bc2 28. Rc7 Rb8 29. Rxc6 Rb1+ 30. Kf2 Rb2 31. g4 Kh7 32. Kg3 Bb3 33. e4 Rb1 34. h4 Rd1 35. Rd6 Rxd6 36. Bxd6 f6 37. f4 g5 38. hxg5 hxg5 39. f5 Kg7 40. Be7 Bd1 41. e5 fxe5 42. Bxg5 Kf7 43. Bh4 Bc2 44. Kf2 Ba4 45. Ke3 Bc2 46. a4 Bxa4 47. Ke4 Bd1 48. g5 Bg4 49. Kxe5 Bh3 50. Kf4 Kg7 51. Bf2 Bf1 52. g6 Bd3 53. Kg5 Kg8 54. f6 1-0

[Event "9.Camp. Veneto Individuale Finale"]
[Site "Venezia S.Leonardo"]
[Date "1990.11.10"]
[Round "1.1"]
[White "Rosino, Antonio"]
[Black "Simoli, Sergio"]
[Result "1-0"]
[WhiteElo "2320"]
[BlackElo "2225"]
[Annotator "Antonio Rosino"]
[PlyCount "45"]
[EventDate "1990.11.10"]
[EventType "swiss"]
[EventRounds "4"]
[EventCountry "ITA"]

1. e4 e5 2. Nc3 Nf6 3. Nf3 Nc6 4. Bb5 Bb4 5. O-O O-O 6. d3 Bxc3 7. bxc3 d6 8. Bg5 Qe7 9. Re1 Nd8 10. d4 Ne6 11. Bc1 Rd8 12. Nh4 c5 13. Nf5 Qc7 14. dxe5 dxe5 15. Qf3 c4 16. Nxg7 Kxg7 17. Bh6+ Kg6 18. Qf5+ Kxh6 19. Qxf6+ Kh5 20. g4+ Kxg4 21. Re3 Rg8 22. Rg3+ Kh5 23. Rxg8 (23. Qf5+ Ng5 (23... Kh4 24. Qxh7#) (23... Kh6 24. Qh3#) 24. Rh3#) 1-0

[Event "9.Camp. Veneto Individuale Finale"]
[Site "Venezia S.Leonardo"]
[Date "1990.11.10"]
[Round "1.2"]
[White "Santolini, Luigi"]
[Black "Negro, Roberto"]
[Result "1/2-1/2"]
[WhiteElo "2235"]
[BlackElo "2154"]
[Annotator "Gabriele Ballarin"]
[PlyCount "103"]
[EventDate "1990.11.10"]
[EventType "swiss"]
[EventRounds "4"]
[EventCountry "ITA"]

1. d4 Nf6 2. c4 e6 3. Nc3 Bb4 4. e3 c5 5. Nge2 cxd4 6. exd4 d5 7. c5 Ne4 8. Bd2 Nxd2 9. Qxd2 O-O 10. a3 Bxc3 11. Nxc3 a5 12. Bd3 b6 13. cxb6 Qxb6 14. O-O Nc6 15. Rad1 Kh8 16. Bb1 f5 17. Na4 Qc7 18. Rfe1 Bd7 19. Nc5 Rae8 20. Re3 Bc8 21. b4 axb4 22. axb4 Qb6 23. Rb3 e5 24. dxe5 Rxe5 25. Bd3 Rfe8 26. Na4 Qa7 27. Nc3 Qe7 28. f4 Re1+ 29. Rxe1 Qxe1+ 30. Qxe1 Rxe1+ 31. Kf2 Rc1 32. Ne2 Ra1 33. Rc3 Bb7 34. b5 Nb4 35. Bxf5 g6 36. Bd7 Ra2 37. Rb3 Nc2 38. Nc3 Ra7 39. Rb2 Na3 40. Bc6 d4 41. Nd5 Nxb5 42. Bxb7 Rxb7 43. g4 Nd6 44. Rxb7 Nxb7 45. Kf3 Nd6 46. Ne7 Kg7 47. Nc6 Nb5 48. Ke4 h5 49. g5 Kf7 50. Nxd4 Nc3+ 51. Ke5 Nd1 52. Nc6 1/2-1/2

[Event "9.Camp. Veneto Individuale Finale"]
[Site "Venezia S.Leonardo"]
[Date "1990.11.10"]
[Round "1.3"]
[White "Govoni, Fausto"]
[Black "Godena, Michele"]
[Result "0-1"]
[WhiteElo "2053"]
[BlackElo "2405"]
[Annotator "Gabriele Ballarin"]
[PlyCount "124"]
[EventDate "1990.11.10"]
[EventType "swiss"]
[EventRounds "4"]
[EventCountry "ITA"]

1. e4 e5 2. Nc3 Nf6 3. Bc4 Nc6 4. d3 Bb4 5. Nge2 d5 6. exd5 Nxd5 7. Bd2 Be6 8. Nxd5 Bxd5 9. Bxd5 Bxd2+ 10. Qxd2 Qxd5 11. O-O O-O-O 12. b4 e4 13. Rfd1 exd3 14. Nf4 Qg5 15. cxd3 Rd4 16. g3 Ne5 17. Qe3 Rhd8 18. h4 Qf5 19. Re1 Nxd3 20. Nxd3 Qxd3 21. Qe7 R4d7 22. Qc5 Qd4 23. Qf5 g6 24. Qf3 Rd6 25. b5 Rf6 26. Qg2 Qd5 27. Qf1 Qd3 28. Qg2 Qxb5 29. Re7 Qd5 30. Qh3+ Qf5 31. Qf1 Re6 32. Re1 Rxe7 33. Rxe7 Qf3 34. Re3 Qd1 35. Re1 Qc2 36. Qb5 Qxa2 37. Rb1 Qd5 38. Qa4 a6 39. Qf4 Qf5 40. Qb4 Qf3 41. Qa4 Kb8 42. Rc1 Rd2 43. Qe8+ Ka7 44. Qe1 Qe2 45. Qxe2 Rxe2 46. Rxc7 Re1+ 47. Kg2 a5 48. Rxf7 a4 49. h5 gxh5 50. Rf3 b5 51. Ra3 Kb6 52. f4 Ka5 53. f5 b4 54. f6 Re2+ 55. Kf3 Re6 56. Re3 Rxf6+ 57. Ke2 a3 58. Re5+ Ka4 59. Kd2 a2 60. Re8 Ra6 61. Re1 Kb3 62. Re3+ Kb2 0-1

[Event "9.Camp. Veneto Individuale Finale"]
[Site "Venezia S.Leonardo"]
[Date "1990.11.10"]
[Round "1.4"]
[White "Fabris, Alberto"]
[Black "Sartori, Spartaco"]
[Result "1/2-1/2"]
[WhiteElo "2220"]
[BlackElo "2270"]
[Annotator "Gabriele Ballarin"]
[PlyCount "41"]
[EventDate "1990.11.10"]
[EventType "swiss"]
[EventRounds "4"]
[EventCountry "ITA"]

{[%evp 0,32,47,39,73,74,69,32,40,36,64,47,47,55,53,21,30,21,31,31,31,31,45,33,30,22,22,19,23,23,20,19,10,10,20]} 1. c4 g6 2. Nc3 c5 3. Nf3 Bg7 4. g3 Nc6 5. Bg2 e6 6. O-O Nge7 7. e4 O-O 8. d3 b6 9. Be3 Nd4 10. e5 Nxf3+ 11. Bxf3 Rb8 12. Bf4 Nc6 13. Bxc6 dxc6 14. Ne4 Qd4 15. Be3 Qxb2 16. Rb1 Qxa2 17. Ra1 Qb2 18. Rb1 Qa3 19. Ra1 Qb2 20. Rb1 Qa2 21. Ra1 1/2-1/2

[Event "9.Camp. Veneto Individuale Finale"]
[Site "Venezia S.Leonardo"]
[Date "1990.11.10"]
[Round "2.1"]
[White "Godena, Michele"]
[Black "Rosino, Antonio"]
[Result "1-0"]
[WhiteElo "2405"]
[BlackElo "2320"]
[Annotator "Gabriele Ballarin"]
[PlyCount "95"]
[EventDate "1990.11.10"]
[EventType "swiss"]
[EventRounds "4"]
[EventCountry "ITA"]

1. e4 e5 2. Nf3 Nc6 3. Bb5 Nf6 4. d3 d6 5. O-O g6 6. Nbd2 Bg7 7. Re1 O-O 8. c3 Bd7 9. Ba4 Nb8 10. Bc2 c5 11. a3 Qc7 12. Nc4 Nc6 13. b4 b5 14. Ne3 a5 15. bxc5 dxc5 16. Bb2 Rfe8 17. Bb3 Be6 18. Nd5 Qd8 19. c4 bxc4 20. Ba4 Bxd5 21. exd5 Qxd5 22. dxc4 Qxd1 23. Raxd1 Rec8 24. Nxe5 Nxe5 25. Bxe5 Nh5 26. Bd6 Rd8 27. Bc7 Bc3 28. Bxd8 Bxe1 29. Bb6 Bc3 30. Bb5 Nf6 31. Bxc5 Ne4 32. Be3 Rc8 33. Bb6 Bb2 34. a4 Bc3 35. Rd8+ Rxd8 36. Bxd8 Kf8 37. f3 Nc5 38. Kf2 Ne6 39. Bb6 Ke7 40. c5 Bd4+ 41. Ke2 Bxc5 42. Bxa5 Nf4+ 43. Kf1 Kd6 44. Bc4 Nd5 45. Bxd5 Kxd5 46. Ke2 Bd6 47. h3 Kc4 48. Bd2 1-0

[Event "9.Camp. Veneto Individuale Finale"]
[Site "Venezia S.Leonardo"]
[Date "1990.11.10"]
[Round "2.2"]
[White "Santolini, Luigi"]
[Black "Fabris, Alberto"]
[Result "1-0"]
[WhiteElo "2235"]
[BlackElo "2220"]
[Annotator "Gabriele Ballarin"]
[PlyCount "103"]
[EventDate "1990.11.10"]
[EventType "swiss"]
[EventRounds "4"]
[EventCountry "ITA"]

1. d4 Nf6 2. c4 c5 3. d5 b5 4. Nd2 Qa5 5. e4 bxc4 6. Qc2 e6 7. Bxc4 Bb7 8. Ngf3 Be7 9. O-O O-O 10. d6 Bd8 11. Re1 Nc6 12. a3 e5 13. b4 cxb4 14. Nb3 Qb6 15. Be3 Nd4 16. Nfxd4 exd4 17. Bxd4 Qc6 18. Nc5 Bb6 19. axb4 Bxc5 20. bxc5 Nxe4 21. Re3 Kh8 22. Bd3 Ng5 23. Rg3 f6 24. f3 Qd5 25. Be3 Rfe8 26. Bf2 Bc6 27. Rd1 Qg8 28. Bc4 Qf8 29. Rd4 a5 30. Rh4 h6 31. Qg6 Re5 32. Bd3 Qe8 33. Rxh6+ Kg8 34. h4 Qxg6 35. Rxg6 Ne6 36. f4 Rd5 37. Bc4 Rd1+ 38. Kh2 Bd5 39. Be2 Rd2 40. f5 Rxe2 41. fxe6 Bxe6 42. Rxg7+ Kf8 43. Bd4 Bf7 44. Bxf6 a4 45. Be7+ Rxe7 46. dxe7+ Kxe7 47. Rf3 Rf8 48. Ra3 Kf6 49. Rgg3 Bb3 50. Rf3+ Ke7 51. Rxf8 Kxf8 52. g4 1-0

[Event "9.Camp. Veneto Individuale Finale"]
[Site "Venezia S.Leonardo"]
[Date "1990.11.10"]
[Round "2.3"]
[White "Sartori, Spartaco"]
[Black "Negro, Roberto"]
[Result "1-0"]
[WhiteElo "2270"]
[BlackElo "2154"]
[Annotator "Gabriele Ballarin"]
[PlyCount "57"]
[EventDate "1990.11.10"]
[EventType "swiss"]
[EventRounds "4"]
[EventCountry "ITA"]

1. c4 c5 2. Nf3 Nc6 3. e3 d6 4. Nc3 g6 5. h3 Bg7 6. d4 Bd7 7. Be2 Nf6 8. d5 Nb4 9. e4 O-O 10. O-O e6 11. a3 Na6 12. dxe6 Bxe6 13. Bf4 Qb6 14. Qc2 Rad8 15. Rad1 Nc7 16. Rd2 Nh5 17. Bh2 Bh6 18. Rdd1 Nf4 19. Rfe1 f5 20. Nd5 Nfxd5 21. cxd5 Bc8 22. e5 dxe5 23. Nxe5 Ne8 24. Nc4 Qf6 25. Be5 Qf7 26. f4 Bg7 27. Bf3 Nf6 28. Bd6 Rfe8 29. Ne5 1-0

[Event "9.Camp. Veneto Individuale Finale"]
[Site "Venezia S.Leonardo"]
[Date "1990.11.10"]
[Round "2.4"]
[White "Simoli, Sergio"]
[Black "Govoni, Fausto"]
[Result "1/2-1/2"]
[WhiteElo "2225"]
[BlackElo "2053"]
[Annotator "Gabriele Ballarin"]
[PlyCount "74"]
[EventDate "1990.11.10"]
[EventType "swiss"]
[EventRounds "4"]
[EventCountry "ITA"]

1. e4 c5 2. Nf3 d6 3. d4 cxd4 4. Nxd4 Nf6 5. Nc3 g6 6. Be3 Bg7 7. f3 Nc6 8. Qd2 O-O 9. O-O-O Be6 10. Nxe6 fxe6 11. Bc4 Qc8 12. Bh6 Na5 13. Be2 Nc4 14. Bxc4 Qxc4 15. Bxg7 Kxg7 16. Qe3 e5 17. b3 Qb4 18. Kb2 Rfc8 19. g4 Qa5 20. h4 b5 21. a3 Rc6 22. Nd5 Rac8 23. Rh2 Nxd5 24. exd5 Rc3 25. Rd3 b4 26. axb4 Rxd3 27. Qxd3 Qxb4 28. Re2 Rc5 29. Re4 Qb7 30. c4 Ra5 31. f4 Qb4 32. Qd1 Ra3 33. fxe5 Qa5 34. Qb1 Ra2+ 35. Qxa2 Qd2+ 36. Ka1 Qc1+ 37. Qb1 Qa3+ 1/2-1/2

[Event "9.Camp. Veneto Individuale Finale"]
[Site "Venezia S.Leonardo"]
[Date "1990.11.11"]
[Round "3.1"]
[White "Sartori, Spartaco"]
[Black "Godena, Michele"]
[Result "0-1"]
[WhiteElo "2270"]
[BlackElo "2405"]
[Annotator "Gabriele Ballarin"]
[PlyCount "66"]
[EventDate "1990.11.10"]
[EventType "swiss"]
[EventRounds "4"]
[EventCountry "ITA"]

1. c4 e5 2. Nc3 Nc6 3. Nf3 g6 4. d4 exd4 5. Nxd4 Bg7 6. Nxc6 bxc6 7. g3 Ne7 8. Bg2 O-O 9. O-O d6 10. Qc2 Bf5 11. e4 Be6 12. b3 f5 13. Bb2 f4 14. gxf4 Rxf4 15. Ne2 Rf8 16. Bxg7 Kxg7 17. Qc3+ Kg8 18. Rad1 Qd7 19. Rd3 Rad8 20. f4 Bg4 21. Ng3 Rf7 22. h3 Be6 23. f5 gxf5 24. Nh5 Rdf8 25. e5 Ng6 26. exd6 cxd6 27. Rfd1 f4 28. Rxd6 Qe7 29. Bf3 Bxh3 30. Rxc6 Qg5+ 31. Kh1 Bg4 32. Bxg4 Qxg4 33. Rd5 f3 0-1